[Event "47th GER-ch Blitz 2020"]
[Site "Magdeburg"]
[Date "2020.08.15"]
[Round "27.4"]
[White "Svane, Frederik"]
[Black "Dobrikov, Marco"]
[Result "1-0"]
[WhiteElo "2421"]
[BlackElo "2290"]
[Annotator "ChessBase"]
[PlyCount "63"]
[EventDate "2020.07.28"]
[EventType "tourn"]
[EventCountry "GER"]
[SourceTitle "playchess.com"]
[Source "ChessBase"]
[SourceQuality "1"]
[TimeControl "180+2"]

1. e4 {[%emt 0:00:00]} c5 {[%emt 0:00:00]} 2. Nf3 d6 3. Bb5+ {[%emt 0:00:02]} Nd7 {[%emt 0:00:00]} 4. d4 {[%emt 0:00:02]} cxd4 {[%emt 0:00:01]} 5. Qxd4 {[%emt 0:00:01]} a6 {[%emt 0:00:01]} 6. Bxd7+ {[%emt 0:00:02]} Bxd7 {[%emt 0:00:01]} 7. Nc3 {[%emt 0:00:01]} e5 {[%emt 0:00:16]} 8. Qd3 {[%emt 0:00:01]} Bc6 {[%emt 0:00:09]} 9. O-O {[%emt 0:00:17]} Be7 {[%emt 0:00:02]} 10. Rd1 {[%emt 0:00:02]} Nf6 {[%emt 0:00:04]} 11. Bg5 {[%emt 0:00:01]} O-O {[%emt 0:00:17]} 12. Nd2 {[%emt 0:00:02]} b5 {[%emt 0:00:14]} 13. Nf1 {[%emt 0:00:06]} Ne8 {[%emt 0:00:11]} 14. Bxe7 {[%emt 0:00:04]} Qxe7 {[%emt 0:00:01]} 15. Ne3 {[%emt 0:00:01]} Rd8 {[%emt 0:00:02]} 16. Ncd5 {[%emt 0:00:22]} Bxd5 {[%emt 0:00:03]} 17. Nxd5 {[%emt 0:00:02]} Qe6 {[%emt 0:00:04]} 18. a4 {[%emt 0:00:05]} Rb8 {[%emt 0:00:15]} 19. axb5 {[%emt 0:00:04]} axb5 {[%emt 0:00:01]} 20. Ra7 b4 {[%emt 0:00:21]} 21. h3 {[%emt 0:00:30]} Kh8 {[%emt 0:00:11]} 22. b3 {[%emt 0:00:35]} Qg6 {[%emt 0:00:04]} 23. Ne7 {[%emt 0:00:05]} Qe6 {[%emt 0:00:06]} 24. Nf5 {[%emt 0:00:06]} Rc8 {[%emt 0:00:12]} 25. Rb7 {[%emt 0:00:07]} g6 {[%emt 0:00:06]} 26. Ne3 {[%emt 0:00:04]} Rc3 {[%emt 0:00:08]} 27. Qd2 {[%emt 0:00:14]} Nf6 {[%emt 0:00:06]} 28. Rxb4 {[%emt 0:00:04]} Rc6 {[%emt 0:00:01]} 29. Qd3 {[%emt 0:00:14]} Kg7 {[%emt 0:00:06]} 30. Rb7 {[%emt 0:00:08]} Nd7 {[%emt 0:00:10]} 31. Qd5 {[%emt 0:00:06]} Qxd5 {[%emt 0:00:25]} 32. exd5 {[%emt 0:00:01]} 1-0

[Event "47th GER-ch Blitz 2020"]
[Site "Magdeburg"]
[Date "2020.08.15"]
[Round "27.5"]
[White "Schneider, Ilja"]
[Black "Zelbel, Patrick"]
[Result "0-1"]
[WhiteElo "2479"]
[BlackElo "2448"]
[Annotator "ChessBase"]
[PlyCount "48"]
[EventDate "2020.07.28"]
[EventType "tourn"]
[EventCountry "GER"]
[SourceTitle "playchess.com"]
[Source "ChessBase"]
[SourceQuality "1"]
[TimeControl "180+2"]

1. e4 {[%emt 0:00:00]} d5 {[%emt 0:00:00]} 2. exd5 {[%emt 0:00:01]} Qxd5 {[%emt 0:00:00]} 3. Nf3 {[%emt 0:00:01]} Bg4 {[%emt 0:00:00]} 4. Be2 {[%emt 0:00:01]} Nc6 {[%emt 0:00:01]} 5. d4 {[%emt 0:00:10]} O-O-O {[%emt 0:00:03]} 6. c4 {[%emt 0:00:01]} Qf5 {[%emt 0:00:02]} 7. Be3 {[%emt 0:00:01]} Bxf3 {[%emt 0:00:02]} 8. Bxf3 {[%emt 0:00:01]} Nxd4 {[%emt 0:00:02]} 9. Bg4 {[%emt 0:00:09]} Nc2+ {[%emt 0:00:02]} 10. Qxc2 {[%emt 0:00:01]} Qxg4 {[%emt 0:00:02]} 11. O-O {[%emt 0:00:02]} e6 {[%emt 0:00:32]} 12. h3 {[%emt 0:00:24]} Qf5 {[%emt 0:00:18]} 13. Qa4 {[%emt 0:00:04]} Bc5 {[%emt 0:00:07]} 14. Nc3 {[%emt 0:00:09]} Nf6 {[%emt 0:00:12]} 15. b4 {[%emt 0:01:13]} Bxe3 {[%emt 0:00:06]} 16. fxe3 {[%emt 0:00:01]} Qe5 {[%emt 0:00:32]} 17. Qxa7 {[%emt 0:00:24]} Qxc3 {[%emt 0:00:03]} 18. Rad1 {[%emt 0:00:15]} Nd7 {[%emt 0:00:33]} 19. Rxf7 {[%emt 0:00:02]} Nb8 {[%emt 0:00:04]} 20. Rdf1 {[%emt 0:00:16]} Qxc4 {[%emt 0:00:07]} 21. Rxg7 {[%emt 0:00:03]} Rhf8 {[%emt 0:00:06]} 22. Rxf8 {[%emt 0:00:07]} Rxf8 {[%emt 0:00:02]} 23. Rxh7 {[%emt 0:00:01]} Qxb4 {[%emt 0:00:15]} 24. a3 {[%emt 0:00:10]} Qb1+ {[%emt 0:00:02]} 0-1

[Event "47th GER-ch Blitz 2020"]
[Site "Magdeburg"]
[Date "2020.08.15"]
[Round "27.6"]
[White "Siebarth, Raiko"]
[Black "Wichmann, Cliff"]
[Result "1-0"]
[WhiteElo "2333"]
[BlackElo "2305"]
[Annotator "ChessBase"]
[PlyCount "51"]
[EventDate "2020.07.28"]
[EventType "tourn"]
[EventCountry "GER"]
[SourceTitle "playchess.com"]
[Source "ChessBase"]
[SourceQuality "1"]
[TimeControl "180+2"]

1. c4 {[%emt 0:00:00]} e6 {[%emt 0:00:00]} 2. Nc3 {[%emt 0:00:01]} d5 3. d4 Nf6 {[%emt 0:00:01]} 4. Bf4 {[%emt 0:00:02]} dxc4 {[%emt 0:00:02]} 5. e3 {[%emt 0:00:02]} Bb4 {[%emt 0:00:07]} 6. Bxc4 {[%emt 0:00:02]} Nd5 {[%emt 0:00:02]} 7. Nge2 {[%emt 0:00:03]} Nxf4 {[%emt 0:00:07]} 8. Nxf4 {[%emt 0:00:01]} c5 {[%emt 0:00:05]} 9. d5 {[%emt 0:00:10]} Bxc3+ {[%emt 0:00:05]} 10. bxc3 {[%emt 0:00:01]} exd5 {[%emt 0:00:03]} 11. Bxd5 {[%emt 0:00:06]} O-O {[%emt 0:00:06]} 12. O-O {[%emt 0:00:06]} Qf6 {[%emt 0:00:01]} 13. Rb1 {[%emt 0:00:26]} Nc6 {[%emt 0:00:02]} 14. Qf3 {[%emt 0:00:02]} Bd7 {[%emt 0:00:23]} 15. Rxb7 {[%emt 0:00:06]} Rad8 {[%emt 0:00:08]} 16. Rd1 {[%emt 0:00:39]} Ne5 {[%emt 0:00:19]} 17. Qe2 {[%emt 0:00:04]} g5 {[%emt 0:00:22]} 18. Nh5 {[%emt 0:00:11]} Qg6 {[%emt 0:00:00]} 19. Ng3 {[%emt 0:00:03]} a6 {[%emt 0:00:14]} 20. Be4 {[%emt 0:00:09]} f5 {[%emt 0:00:28]} 21. Bd5+ {[%emt 0:00:10]} Kh8 {[%emt 0:00:02]} 22. h3 {[%emt 0:00:01]} Bb5 {[%emt 0:00:05]} 23. c4 {[%emt 0:00:05]} Nxc4 {[%emt 0:00:09]} 24. Bxc4 {[%emt 0:00:20]} Rxd1+ {[%emt 0:00:05]} 25. Qxd1 {[%emt 0:00:01]} Bxc4 {[%emt 0:00:01]} 26. Nh5 {[%emt 0:00:01]} 1-0

[Event "47th GER-ch Blitz 2020"]
[Site "Magdeburg"]
[Date "2020.08.15"]
[Round "27.7"]
[White "Hess, Max"]
[Black "Barzen, Pascal"]
[Result "1-0"]
[WhiteElo "2378"]
[BlackElo "2321"]
[Annotator "ChessBase"]
[PlyCount "81"]
[EventDate "2020.07.28"]
[EventType "tourn"]
[EventCountry "GER"]
[SourceTitle "playchess.com"]
[Source "ChessBase"]
[SourceQuality "1"]
[TimeControl "180+2"]

1. e4 {[%emt 0:00:00]} c6 {[%emt 0:00:00]} 2. Nc3 {[%emt 0:00:04]} d5 {[%emt 0:00:00]} 3. Nf3 {[%emt 0:00:01]} Bg4 {[%emt 0:00:00]} 4. h3 {[%emt 0:00:02]} Bxf3 {[%emt 0:00:02]} 5. Qxf3 {[%emt 0:00:01]} e6 {[%emt 0:00:01]} 6. g4 {[%emt 0:00:04]} Nf6 {[%emt 0:00:02]} 7. Bg2 {[%emt 0:00:05]} Be7 {[%emt 0:00:10]} 8. O-O {[%emt 0:00:14]} O-O {[%emt 0:00:02]} 9. d3 {[%emt 0:00:01]} Nbd7 {[%emt 0:00:03]} 10. Qg3 {[%emt 0:00:19]} Ne8 {[%emt 0:00:14]} 11. f4 {[%emt 0:00:05]} b5 {[%emt 0:00:07]} 12. g5 {[%emt 0:00:10]} b4 {[%emt 0:00:05]} 13. Ne2 {[%emt 0:00:01]} Nd6 {[%emt 0:00:09]} 14. h4 {[%emt 0:00:06]} Kh8 {[%emt 0:00:10]} 15. h5 {[%emt 0:00:05]} f5 {[%emt 0:00:02]} 16. e5 {[%emt 0:00:10]} Nb5 {[%emt 0:00:04]} 17. d4 {[%emt 0:00:17]} c5 {[%emt 0:00:01]} 18. Be3 {[%emt 0:00:04]} Rc8 {[%emt 0:00:07]} 19. c3 {[%emt 0:00:07]} bxc3 {[%emt 0:00:10]} 20. bxc3 {[%emt 0:00:04]} cxd4 {[%emt 0:00:00]} 21. cxd4 {[%emt 0:00:02]} Rc2 {[%emt 0:00:03]} 22. Qe1 {[%emt 0:00:13]} Nb6 {[%emt 0:00:05]} 23. Qd1 {[%emt 0:00:09]} Qc7 {[%emt 0:00:19]} 24. Rc1 {[%emt 0:00:04]} Rc8 {[%emt 0:00:00]} 25. Rxc2 {[%emt 0:00:09]} Qxc2 {[%emt 0:00:01]} 26. Qxc2 {[%emt 0:00:06]} Rxc2 {[%emt 0:00:01]} 27. Bf3 {[%emt 0:00:00]} Nc4 {[%emt 0:00:09]} 28. Rb1 {[%emt 0:00:14]} a6 {[%emt 0:00:20]} 29. a4 {[%emt 0:00:09]} Nxe3 {[%emt 0:00:41]} 30. axb5 {[%emt 0:00:01]} axb5 {[%emt 0:00:02]} 31. Rxb5 {[%emt 0:00:02]} Kg8 {[%emt 0:00:20]} 32. g6 {[%emt 0:00:08]} hxg6 {[%emt 0:00:02]} 33. hxg6 {[%emt 0:00:01]} Rc8 {[%emt 0:00:17]} 34. Rb6 {[%emt 0:00:00]} Bd8 {[%emt 0:00:07]} 35. Rxe6 Ba5 36. Kf2 {[%emt 0:00:05]} Nc2 {[%emt 0:00:01]} 37. Bxd5 {[%emt 0:00:03]} Kf8 {[%emt 0:00:01]} 38. Ra6 {[%emt 0:00:03]} Bb4 {[%emt 0:00:07]} 39. Ra7 Rd8 40. Rf7+ {[%emt 0:00:17]} Ke8 {[%emt 0:00:02]} 41. Bc6+ 1-0

[Event "47th GER-ch Blitz 2020"]
[Site "Magdeburg"]
[Date "2020.08.15"]
[Round "27.8"]
[White "Kopylov, Michael"]
[Black "Baskin, Robert"]
[Result "1/2-1/2"]
[WhiteElo "2407"]
[BlackElo "2390"]
[Annotator "ChessBase"]
[PlyCount "29"]
[EventDate "2020.07.28"]
[EventType "tourn"]
[EventCountry "GER"]
[SourceTitle "playchess.com"]
[Source "ChessBase"]
[SourceQuality "1"]
[TimeControl "180+2"]

1. d4 {[%emt 0:00:00]} Nf6 {[%emt 0:00:00]} 2. c4 {[%emt 0:00:00]} e6 {[%emt 0:00:00]} 3. g3 {[%emt 0:00:01]} d5 {[%emt 0:00:00]} 4. Bg2 {[%emt 0:00:01]} Bb4+ {[%emt 0:00:01]} 5. Nd2 {[%emt 0:00:03]} O-O {[%emt 0:00:02]} 6. Ngf3 {[%emt 0:00:01]} b6 {[%emt 0:00:01]} 7. O-O {[%emt 0:00:10]} Bb7 {[%emt 0:00:01]} 8. cxd5 {[%emt 0:00:01]} Bxd5 {[%emt 0:00:03]} 9. Qc2 {[%emt 0:00:04]} Bxd2 {[%emt 0:00:15]} 10. Bxd2 {[%emt 0:00:04]} Nbd7 {[%emt 0:00:02]} 11. Rac1 {[%emt 0:00:10]} c5 {[%emt 0:00:03]} 12. dxc5 {[%emt 0:00:17]} Nxc5 {[%emt 0:00:01]} 13. Bb4 {[%emt 0:00:08]} Rc8 {[%emt 0:00:03]} 14. Rfd1 {[%emt 0:00:17]} Qc7 {[%emt 0:00:11]} 15. b3 {[%emt 0:00:26]} 1/2-1/2

[Event "47th GER-ch Blitz 2020"]
[Site "Magdeburg"]
[Date "2020.08.15"]
[Round "27.9"]
[White "Berger, Steve"]
[Black "Ehmann, Thilo"]
[Result "0-1"]
[WhiteElo "2408"]
[BlackElo "2329"]
[Annotator "ChessBase"]
[PlyCount "62"]
[EventDate "2020.07.28"]
[EventType "tourn"]
[EventCountry "GER"]
[SourceTitle "playchess.com"]
[Source "ChessBase"]
[SourceQuality "1"]
[TimeControl "180+2"]

1. e4 {[%emt 0:00:00]} c5 {[%emt 0:00:00]} 2. Nc3 {[%emt 0:00:00]} g6 {[%emt 0:00:00]} 3. d4 {[%emt 0:00:01]} cxd4 {[%emt 0:00:05]} 4. Qxd4 {[%emt 0:00:01]} Nf6 {[%emt 0:00:01]} 5. Nf3 {[%emt 0:00:01]} Nc6 {[%emt 0:00:02]} 6. Qa4 {[%emt 0:00:01]} d5 {[%emt 0:00:32]} 7. Bb5 {[%emt 0:00:19]} Bg7 {[%emt 0:00:23]} 8. Bg5 {[%emt 0:00:23]} O-O {[%emt 0:00:27]} 9. O-O-O {[%emt 0:00:07]} a6 {[%emt 0:00:23]} 10. e5 {[%emt 0:00:18]} axb5 {[%emt 0:00:15]} 11. Qxa8 d4 {[%emt 0:00:06]} 12. exf6 {[%emt 0:00:10]} exf6 {[%emt 0:00:00]} 13. Bf4 {[%emt 0:00:08]} Qb6 {[%emt 0:00:06]} 14. Ne2 {[%emt 0:00:40]} f5 {[%emt 0:00:17]} 15. Qa3 {[%emt 0:00:17]} Be6 {[%emt 0:00:11]} 16. Rhe1 {[%emt 0:00:03]} Bc4 {[%emt 0:00:16]} 17. Qd6 {[%emt 0:00:23]} d3 {[%emt 0:00:06]} 18. cxd3 Bxa2 {[%emt 0:00:00]} 19. Nc3 {[%emt 0:00:20]} Bb3 {[%emt 0:00:03]} 20. Rd2 {[%emt 0:00:06]} b4 {[%emt 0:00:05]} 21. Nd5 {[%emt 0:00:01]} Qa6 {[%emt 0:00:04]} 22. Ne7+ {[%emt 0:00:14]} Nxe7 {[%emt 0:00:03]} 23. Qxa6 {[%emt 0:00:01]} bxa6 {[%emt 0:00:06]} 24. Rxe7 {[%emt 0:00:01]} Ba2 25. Rc7 {[%emt 0:00:03]} Re8 {[%emt 0:00:07]} 26. d4 {[%emt 0:00:04]} f6 {[%emt 0:00:09]} 27. d5 {[%emt 0:00:01]} g5 {[%emt 0:00:02]} 28. Be3 {[%emt 0:00:00]} f4 {[%emt 0:00:00]} 29. Bb6 {[%emt 0:00:03]} g4 {[%emt 0:00:03]} 30. Nh4 {[%emt 0:00:10]} f3 {[%emt 0:00:04]} 31. d6 fxg2 0-1

[Event "47th GER-ch Blitz 2020"]
[Site "Magdeburg"]
[Date "2020.08.15"]
[Round "27.10"]
[White "Schoewel, Matthias"]
[Black "Braun, Georg"]
[Result "1-0"]
[WhiteElo "2218"]
[BlackElo "2360"]
[Annotator "ChessBase"]
[PlyCount "87"]
[EventDate "2020.07.28"]
[EventType "tourn"]
[EventCountry "GER"]
[SourceTitle "playchess.com"]
[Source "ChessBase"]
[SourceQuality "1"]
[TimeControl "180+2"]

1. e4 {[%emt 0:00:00]} c6 {[%emt 0:00:00]} 2. d4 {[%emt 0:00:00]} d5 {[%emt 0:00:01]} 3. Nc3 {[%emt 0:00:01]} dxe4 4. Nxe4 {[%emt 0:00:02]} Bf5 {[%emt 0:00:02]} 5. Ng3 {[%emt 0:00:01]} Bg6 {[%emt 0:00:01]} 6. Nf3 {[%emt 0:00:01]} e6 {[%emt 0:00:02]} 7. Bd3 {[%emt 0:00:01]} Nf6 {[%emt 0:00:02]} 8. O-O {[%emt 0:00:01]} Bd6 {[%emt 0:00:02]} 9. Re1 {[%emt 0:00:02]} O-O {[%emt 0:00:04]} 10. Bxg6 {[%emt 0:00:01]} hxg6 {[%emt 0:00:02]} 11. Bg5 {[%emt 0:00:04]} Nbd7 {[%emt 0:00:07]} 12. Ne5 {[%emt 0:00:06]} Qc7 {[%emt 0:00:05]} 13. Nxd7 {[%emt 0:00:08]} Qxd7 {[%emt 0:00:08]} 14. Bxf6 {[%emt 0:00:14]} gxf6 {[%emt 0:00:02]} 15. c3 {[%emt 0:00:06]} Kg7 {[%emt 0:00:01]} 16. Qf3 {[%emt 0:00:01]} Rh8 {[%emt 0:00:03]} 17. h3 {[%emt 0:00:01]} f5 {[%emt 0:00:15]} 18. Rad1 {[%emt 0:00:03]} b5 {[%emt 0:00:03]} 19. b3 {[%emt 0:00:01]} a5 {[%emt 0:00:01]} 20. c4 {[%emt 0:00:04]} Bb4 {[%emt 0:00:30]} 21. Re2 {[%emt 0:00:06]} Rhd8 {[%emt 0:00:17]} 22. Re3 {[%emt 0:00:14]} a4 {[%emt 0:00:04]} 23. Red3 {[%emt 0:00:02]} axb3 {[%emt 0:00:04]} 24. axb3 {[%emt 0:00:01]} bxc4 {[%emt 0:00:20]} 25. bxc4 {[%emt 0:00:01]} Bd6 {[%emt 0:00:05]} 26. Rb3 {[%emt 0:00:15]} Ra4 {[%emt 0:00:08]} 27. Qc3 {[%emt 0:00:05]} Kg8 {[%emt 0:00:11]} 28. Nf1 {[%emt 0:00:09]} Be5 {[%emt 0:00:07]} 29. Ne3 {[%emt 0:00:29]} Bxd4 {[%emt 0:00:03]} 30. Qc2 {[%emt 0:00:08]} c5 {[%emt 0:00:05]} 31. Rb5 {[%emt 0:00:19]} Raa8 {[%emt 0:00:41]} 32. Qb3 {[%emt 0:00:02]} Qc6 {[%emt 0:00:09]} 33. Rb1 {[%emt 0:00:13]} Qe4 {[%emt 0:00:04]} 34. Nf1 {[%emt 0:00:16]} Kg7 {[%emt 0:00:05]} 35. Qg3 {[%emt 0:00:05]} Be5 {[%emt 0:00:02]} 36. Qb3 {[%emt 0:00:15]} Bd4 {[%emt 0:00:02]} 37. Qg3 {[%emt 0:00:01]} Rd7 {[%emt 0:00:03]} 38. Nd2 {[%emt 0:00:05]} Qc2 {[%emt 0:00:08]} 39. Nf3 {[%emt 0:00:12]} Ra2 {[%emt 0:00:02]} 40. Rf1 {[%emt 0:00:02]} Qxc4 {[%emt 0:00:03]} 41. Rb8 {[%emt 0:00:02]} Qd5 {[%emt 0:00:03]} 42. Qh4 {[%emt 0:00:02]} f6 {[%emt 0:00:04]} 43. Qh8+ {[%emt 0:00:03]} Kf7 {[%emt 0:00:00]} 44. Qh4 1-0

[Event "47th GER-ch Blitz 2020"]
[Site "Magdeburg"]
[Date "2020.08.15"]
[Round "27.11"]
[White "Stein, Robert"]
[Black "Siebrecht, Sebastian"]
[Result "1/2-1/2"]
[WhiteElo "2325"]
[BlackElo "2429"]
[Annotator "ChessBase"]
[PlyCount "146"]
[EventDate "2020.07.28"]
[EventType "tourn"]
[EventCountry "GER"]
[SourceTitle "playchess.com"]
[Source "ChessBase"]
[SourceQuality "1"]
[TimeControl "180+2"]

1. d4 {[%emt 0:00:00]} g6 {[%emt 0:00:00]} 2. c4 {[%emt 0:00:02]} Bg7 {[%emt 0:00:02]} 3. g3 {[%emt 0:00:02]} d6 {[%emt 0:00:02]} 4. Bg2 {[%emt 0:00:02]} Nf6 {[%emt 0:00:02]} 5. Nc3 {[%emt 0:00:02]} O-O {[%emt 0:00:02]} 6. Nf3 {[%emt 0:00:03]} Nbd7 {[%emt 0:00:03]} 7. O-O a6 8. a4 {[%emt 0:00:15]} Rb8 {[%emt 0:00:02]} 9. a5 {[%emt 0:00:03]} c5 {[%emt 0:00:05]} 10. dxc5 {[%emt 0:00:13]} Nxc5 {[%emt 0:00:01]} 11. Nd4 {[%emt 0:00:01]} Ne6 {[%emt 0:00:07]} 12. Nc2 {[%emt 0:00:35]} Bd7 {[%emt 0:00:05]} 13. Ne3 {[%emt 0:00:03]} Bc6 {[%emt 0:00:13]} 14. Ned5 {[%emt 0:00:03]} Nc7 {[%emt 0:00:08]} 15. Be3 {[%emt 0:00:08]} Ncxd5 {[%emt 0:00:06]} 16. cxd5 {[%emt 0:00:03]} Bd7 {[%emt 0:00:06]} 17. Bb6 {[%emt 0:00:03]} Qe8 {[%emt 0:00:02]} 18. e4 {[%emt 0:00:14]} Rc8 {[%emt 0:00:09]} 19. Re1 {[%emt 0:00:03]} Ng4 {[%emt 0:00:05]} 20. Rc1 {[%emt 0:00:21]} Ne5 {[%emt 0:00:17]} 21. Bd4 {[%emt 0:00:02]} Bg4 {[%emt 0:00:03]} 22. Qc2 {[%emt 0:00:38]} Qd7 {[%emt 0:00:20]} 23. Bxe5 {[%emt 0:00:14]} Bxe5 {[%emt 0:00:01]} 24. Qb3 {[%emt 0:00:01]} h5 {[%emt 0:00:14]} 25. Qb4 {[%emt 0:00:25]} Rc5 {[%emt 0:00:30]} 26. Na4 {[%emt 0:00:01]} Rxc1 {[%emt 0:00:05]} 27. Rxc1 {[%emt 0:00:01]} Rc8 {[%emt 0:00:01]} 28. Rc4 {[%emt 0:00:10]} Be2 {[%emt 0:00:12]} 29. Rxc8+ {[%emt 0:00:03]} Qxc8 {[%emt 0:00:01]} 30. Qd2 {[%emt 0:00:01]} Bg4 {[%emt 0:00:22]} 31. Bf1 {[%emt 0:00:06]} Qc7 {[%emt 0:00:14]} 32. Nb6 {[%emt 0:00:03]} Qc5 {[%emt 0:00:10]} 33. Nc4 {[%emt 0:00:01]} Bg7 {[%emt 0:00:05]} 34. b4 {[%emt 0:00:01]} Qc7 {[%emt 0:00:01]} 35. Ne3 {[%emt 0:00:01]} Bd7 {[%emt 0:00:01]} 36. Nc4 {[%emt 0:00:01]} Bb5 37. Qd3 h4 {[%emt 0:00:05]} 38. Kg2 {[%emt 0:00:01]} Qd7 {[%emt 0:00:01]} 39. Be2 {[%emt 0:00:01]} h3+ {[%emt 0:00:03]} 40. Kg1 {[%emt 0:00:01]} Qc7 {[%emt 0:00:04]} 41. Qc2 {[%emt 0:00:01]} Bd4 {[%emt 0:00:03]} 42. Qd3 {[%emt 0:00:00]} Bg7 {[%emt 0:00:01]} 43. Bf1 {[%emt 0:00:01]} Qc8 {[%emt 0:00:01]} 44. Be2 {[%emt 0:00:01]} Kf8 {[%emt 0:00:04]} 45. Qc2 {[%emt 0:00:02]} Bxc4 {[%emt 0:00:04]} 46. Bxc4 {[%emt 0:00:03]} Qc7 {[%emt 0:00:03]} 47. Qd3 {[%emt 0:00:01]} Be5 48. Qb3 {[%emt 0:00:01]} Bg7 {[%emt 0:00:03]} 49. Bf1 {[%emt 0:00:01]} Qc1 {[%emt 0:00:02]} 50. b5 {[%emt 0:00:02]} Bd4 {[%emt 0:00:03]} 51. bxa6 {[%emt 0:00:02]} bxa6 {[%emt 0:00:01]} 52. Qd3 {[%emt 0:00:01]} Qb2 {[%emt 0:00:01]} 53. Qe2 {[%emt 0:00:02]} Qxe2 {[%emt 0:00:06]} 54. Bxe2 {[%emt 0:00:01]} Bc3 {[%emt 0:00:00]} 55. Bxa6 {[%emt 0:00:04]} Bxa5 {[%emt 0:00:01]} 56. Bf1 {[%emt 0:00:02]} Kg7 {[%emt 0:00:01]} 57. Bxh3 {[%emt 0:00:01]} Kf6 {[%emt 0:00:00]} 58. f4 {[%emt 0:00:02]} g5 {[%emt 0:00:03]} 59. Kf2 {[%emt 0:00:01]} gxf4 60. gxf4 {[%emt 0:00:01]} Bd2 {[%emt 0:00:02]} 61. Kf3 {[%emt 0:00:01]} Bc1 {[%emt 0:00:01]} 62. Bd7 {[%emt 0:00:02]} e6 {[%emt 0:00:02]} 63. dxe6 {[%emt 0:00:03]} fxe6 {[%emt 0:00:01]} 64. Bc6 {[%emt 0:00:01]} d5 {[%emt 0:00:06]} 65. Bxd5 {[%emt 0:00:08]} exd5 {[%emt 0:00:01]} 66. exd5 {[%emt 0:00:01]} Ba3 {[%emt 0:00:02]} 67. Ke4 {[%emt 0:00:02]} Bd6 {[%emt 0:00:01]} 68. h4 {[%emt 0:00:03]} Kg6 {[%emt 0:00:02]} 69. f5+ {[%emt 0:00:02]} Kf6 {[%emt 0:00:01]} 70. h5 {[%emt 0:00:01]} Bf8 {[%emt 0:00:03]} 71. h6 {[%emt 0:00:03]} Bxh6 {[%emt 0:00:01]} 72. d6 {[%emt 0:00:00]} Bf8 {[%emt 0:00:01]} 73. d7 {[%emt 0:00:04]} Ke7 {[%emt 0:00:02]} 1/2-1/2

[Event "47th GER-ch Blitz 2020"]
[Site "Magdeburg"]
[Date "2020.08.15"]
[Round "27.12"]
[White "Krause, Benedict"]
[Black "Langrock, Hannes"]
[Result "1-0"]
[WhiteElo "2425"]
[BlackElo "2346"]
[Annotator "ChessBase"]
[PlyCount "77"]
[EventDate "2020.07.28"]
[EventType "tourn"]
[EventCountry "GER"]
[SourceTitle "playchess.com"]
[Source "ChessBase"]
[SourceQuality "1"]
[TimeControl "180+2"]

1. e4 {[%emt 0:00:00]} c5 {[%emt 0:00:00]} 2. Nf3 {[%emt 0:00:01]} e6 {[%emt 0:00:00]} 3. d4 {[%emt 0:00:03]} cxd4 {[%emt 0:00:00]} 4. Nxd4 {[%emt 0:00:00]} Nf6 {[%emt 0:00:01]} 5. Nc3 {[%emt 0:00:01]} Nc6 {[%emt 0:00:02]} 6. Ndb5 {[%emt 0:00:03]} Bb4 {[%emt 0:00:04]} 7. a3 {[%emt 0:00:03]} Bxc3+ {[%emt 0:00:01]} 8. Nxc3 {[%emt 0:00:01]} d5 {[%emt 0:00:01]} 9. exd5 {[%emt 0:00:01]} exd5 {[%emt 0:00:01]} 10. Bd3 {[%emt 0:00:03]} O-O {[%emt 0:00:02]} 11. O-O {[%emt 0:00:01]} d4 {[%emt 0:00:01]} 12. Ne2 {[%emt 0:00:02]} Bg4 {[%emt 0:00:01]} 13. f3 {[%emt 0:00:19]} Bh5 {[%emt 0:00:02]} 14. Nf4 {[%emt 0:00:01]} Bg6 {[%emt 0:00:01]} 15. Nxg6 {[%emt 0:00:08]} hxg6 {[%emt 0:00:02]} 16. f4 {[%emt 0:00:02]} Re8 {[%emt 0:00:10]} 17. Qf3 {[%emt 0:00:12]} Qb6 {[%emt 0:00:07]} 18. b4 {[%emt 0:00:13]} Re3 {[%emt 0:00:35]} 19. Bxe3 {[%emt 0:00:12]} dxe3 {[%emt 0:00:01]} 20. Kh1 {[%emt 0:00:01]} Re8 {[%emt 0:00:14]} 21. Rae1 {[%emt 0:00:30]} Nd4 {[%emt 0:00:06]} 22. Qh3 {[%emt 0:00:03]} Nd5 {[%emt 0:00:48]} 23. c4 {[%emt 0:00:17]} e2 {[%emt 0:00:14]} 24. Bxe2 {[%emt 0:00:48]} Nc2 {[%emt 0:00:51]} 25. cxd5 {[%emt 0:00:31]} Nxe1 {[%emt 0:00:01]} 26. Rxe1 {[%emt 0:00:03]} Qf2 {[%emt 0:00:08]} 27. Qg3 {[%emt 0:00:03]} Rxe2 {[%emt 0:00:04]} 28. Qxf2 {[%emt 0:00:01]} Rxf2 {[%emt 0:00:01]} 29. g3 {[%emt 0:00:09]} Kf8 {[%emt 0:00:04]} 30. Rc1 {[%emt 0:00:01]} Ke7 {[%emt 0:00:12]} 31. Rc7+ {[%emt 0:00:01]} Kd6 {[%emt 0:00:02]} 32. Rxf7 {[%emt 0:00:01]} Kxd5 {[%emt 0:00:02]} 33. Kg1 {[%emt 0:00:01]} Ra2 {[%emt 0:00:02]} 34. Rxg7 {[%emt 0:00:01]} Ke4 {[%emt 0:00:01]} 35. Rc7 {[%emt 0:00:05]} Rxa3 {[%emt 0:00:03]} 36. Rc2 {[%emt 0:00:03]} Kf3 {[%emt 0:00:03]} 37. Rf2+ {[%emt 0:00:01]} Ke3 {[%emt 0:00:01]} 38. Kg2 {[%emt 0:00:01]} Rb3 {[%emt 0:00:01]} 39. Rf3+ {[%emt 0:00:01]} 1-0

[Event "47th GER-ch Blitz 2020"]
[Site "Magdeburg"]
[Date "2020.08.15"]
[Round "27.13"]
[White "Muranyi, Karl-Jasmin"]
[Black "Holtel, Jasper"]
[Result "1/2-1/2"]
[WhiteElo "2331"]
[BlackElo "2305"]
[Annotator "ChessBase"]
[PlyCount "57"]
[EventDate "2020.07.28"]
[EventType "tourn"]
[EventCountry "GER"]
[SourceTitle "playchess.com"]
[Source "ChessBase"]
[SourceQuality "1"]
[TimeControl "180+2"]

1. d4 {[%emt 0:00:00]} Nf6 {[%emt 0:00:00]} 2. c3 {[%emt 0:00:00]} g6 {[%emt 0:00:00]} 3. Bf4 {[%emt 0:00:00]} Bg7 {[%emt 0:00:00]} 4. h3 {[%emt 0:00:01]} O-O {[%emt 0:00:01]} 5. Nf3 {[%emt 0:00:01]} d6 {[%emt 0:00:01]} 6. e3 {[%emt 0:00:01]} c5 {[%emt 0:00:01]} 7. Nbd2 {[%emt 0:00:01]} b6 {[%emt 0:00:01]} 8. Be2 {[%emt 0:00:01]} Bb7 {[%emt 0:00:01]} 9. O-O {[%emt 0:00:02]} Nbd7 {[%emt 0:00:01]} 10. Bh2 {[%emt 0:00:01]} a6 {[%emt 0:00:00]} 11. a4 {[%emt 0:00:00]} Ra7 {[%emt 0:00:01]} 12. c4 {[%emt 0:00:05]} cxd4 {[%emt 0:00:10]} 13. exd4 {[%emt 0:00:01]} Ne4 {[%emt 0:00:03]} 14. Nxe4 {[%emt 0:00:17]} Bxe4 {[%emt 0:00:02]} 15. Re1 {[%emt 0:00:10]} Qa8 {[%emt 0:00:07]} 16. a5 {[%emt 0:00:08]} bxa5 {[%emt 0:00:05]} 17. Rxa5 {[%emt 0:00:01]} Rb8 {[%emt 0:00:03]} 18. Qd2 {[%emt 0:00:10]} Rab7 {[%emt 0:00:08]} 19. Ra2 {[%emt 0:00:04]} Rb4 {[%emt 0:01:03]} 20. Bg3 {[%emt 0:00:28]} a5 {[%emt 0:00:09]} 21. Rea1 {[%emt 0:00:07]} Qb7 {[%emt 0:00:05]} 22. c5 {[%emt 0:00:17]} Rxb2 {[%emt 0:00:16]} 23. Qxa5 {[%emt 0:00:01]} Rxa2 {[%emt 0:00:13]} 24. Qxa2 {[%emt 0:00:07]} Ra8 {[%emt 0:00:06]} 25. Qxa8+ {[%emt 0:00:04]} Qxa8 {[%emt 0:00:01]} 26. Rxa8+ {[%emt 0:00:01]} Bxa8 {[%emt 0:00:01]} 27. cxd6 {[%emt 0:00:01]} exd6 {[%emt 0:00:02]} 28. Bxd6 {[%emt 0:00:02]} Bxf3 {[%emt 0:00:04]} 29. Bxf3 1/2-1/2